| 000 | 00760nam a2200241 i 4500 | ||
|---|---|---|---|
| 001 | bg | ||
| 100 | 1 | _aSKRZYSZOWSKI, Zbigniew | |
| 245 | 1 | 0 |
_aPodnośniki i prasy śrubowe : _bPKM-projektowanie : pomoc dydaktyczna / _cZbigniew Skrzyszowski ; Politechnika Krakowska im. Tadeusza Kościuszki. |
| 260 |
_aKraków : _bPK, _c1997. |
||
| 300 |
_a77 s. : _brys., wykr. ; _c24 cm. |
||
| 504 | _aBibliogr. s. 48. | ||
| 650 | 9 |
_aPodnośniki _xprojekty |
|
| 650 | 9 |
_aPrasy _xprojekty |
|
| 650 | 9 |
_aŚruby napędowe _xprojekty |
|
| 655 | _aPodręczniki akademickie | ||
| 020 | _a8390387808 | ||
| 040 | _cBPK | ||
| 041 | 0 | _apl | |
| 080 | _a621.86/.87:621.88:621.97](075.8) | ||
| 920 | _a83-903878-0-8 | ||
| 942 | _cKS | ||
| 008 | s pl f |000 0 pol | ||
| 999 |
_c31833 _d31833 |
||
| 856 |
_uhttp://koha.tu.koszalin.pl/cgi-bin/koha/opac-detail.pl?biblionumber=31833 _yKatalog online BPK |
||